Πέλλα
Αποθηκεύτηκε σε:
| Κύριος συγγραφέας: | |
|---|---|
| Μορφή: | Βιβλίο |
| Γλώσσα: | Greek German French |
| Δημοσίευση: |
Εν Αθήναις :
Αρχαιολογική Εταιρεία,
1971-
|
| Σειρά: | Βιβλιοθήκη της εν Αθήναις Αρχαιολογικής Εταιρείας ;
; 70 |
| Θέματα: | |
| Ετικέτες: |
Προσθήκη ετικέτας
Δεν υπάρχουν, Καταχωρήστε ετικέτα πρώτοι!
|
MARC
| LEADER | 00000cam a2200000 i 4500 | ||
|---|---|---|---|
| 001 | 1/57325 | ||
| 008 | 071009m19719999 gre d | ||
| 035 | |l 10091299 | ||
| 040 | |a GR-MY-UA |b gre |e aacr | ||
| 041 | 0 | |a gre |a ger |a fre |b eng | |
| 082 | 0 | |a 938.21 |2 (22) | |
| 100 | 1 | |a Παπακωνσταντίνου-Διαμαντούρου, Δέσποινα. | |
| 245 | 1 | 0 | |a Πέλλα / |c υπό Δεσποίνης Παπακωνσταντίνου - Διαμαντούρου |
| 260 | |a Εν Αθήναις : |b Αρχαιολογική Εταιρεία, |c 1971- | ||
| 300 | |a ...τ.; |b πιν., εικ.; |c 28 εκ. | ||
| 490 | 1 | |a Βιβλιοθήκη της εν Αθήναις Αρχαιολογικής Εταιρείας |v ; 70 | |
| 500 | |a Περίληψη στα αγγλικά | ||
| 504 | |a Περιλαμβάνει βιβλιογραφίες και ευρετήριο | ||
| 505 | 0 | |a τ.1. Ιστορική επισκόπησις και μαρτυρίαι | |
| 650 | 0 | 0 | |a Excavations (Archaeology) |z Greece |z Pella. |
| 651 | 0 | |a Pella (Greece) |x Antiquities. | |
| 830 | 0 | |a Βιβλιοθήκη της εν Αθήναις Αρχαιολογικής Εταιρείας ; |v ; 70 | |
| 852 | |a INST |b RHODES |e 20071009 |h 938.21 ΠΑΠ |p 005400025553 |q 005400025553 |t BK |y 0 | ||
| 901 | |a BIBL4-2007-3 | ||
| 922 | |a 4ΕΛΗ |b 200708 |c ΕΠΕΑΕΚ2/ΤΜΣ |d Σ. ΠΑΤΑΚΗΣ | ||
| 970 | |a ΧΑΡΙΟΠΟΛΙΤΟΥ |b ΚΩΝΣΤΑΝΤΙΝΑ |z 2007/10/09 | ||